| 000 | 00326nam a2200121Ia 4500 | ||
|---|---|---|---|
| 008 | 240731s9999 xx 000 0 und d | ||
| 022 | _a2164-9499 | ||
| 245 | 0 | _aEconomics & Finance Research : An Open Access Journal | |
| 260 | _bCogent OA | ||
| 856 | _uhttps://www.tandfonline.com/loi/refr20 | ||
| 942 | _2ddc | ||
| 942 | _cTFEJ | ||
| 999 |
_c76342 _d76342 |
||
| 945 |
_a1 _bMadushi Gamage _c1 _dMadushi Gamage |
||